000 01046nam a22003257a 4500
003 CHAP
005 20220329134640.0
008 971013s1965 r 00010 d
010 _a23579
011 _a24551
035 _a28650
040 _cCHAP
082 _a001.642
_bC4
100 0 0 _aChorafas, Dimitris N.
_922878
245 _aSystems and simulation
260 _aNew York :
_bAcademy Press,
_c1965
300 _a503 p
490 _aMathematics in science and enginering
_v; 14
590 _aBATCH-UPD
_b10
_c20130110
_lUCH01
_h1003
590 _aBATCH-UPD
_b10
_c20130410
_lUCH01
_h0614
590 _aBATCH-UPD
_b10
_c20130914
_lUCH01
_h0350
590 _aCONVERSION
_b10
_c20130109
_lUCH01
_h1314
650 1 4 _aAnálisis de sistemas.
_95976
650 1 4 _aSimulación.
_9106523
830 0 _aMathematics in science and enginering
_v; 14
_972981
901 _aBK
942 _cLIBRO
949 _a001.642 C4
_bBC
_cLIBRO
_d33724000288395
_eLIBRO
_h1170
_i28650
_si
949 _a001.642 C4
_bBC
_cLIBRO
_d33724000288403
_eLIBRO
_fc.2
_h1171
_i28650
_si
999 _c23579
_d23579